00562cam a22002051 4500001001300000003000400013005001700017008004100034010001700075035002000092040002300112050002500135082001000160100001800170245005100188260004800239300004100287500001100328999001700339ca 32000469 DLC20260227111126.0880912s1932 kyuac 000 0 eng  aca 32000469  a(OCoLC)18471782 aDLCcRPBdRPBdDLC00aPS3527.E913bT5 1932 a811.51 aNewsom, W. E.10aThoughts for the quiet hourc[by] W.E. Newsom. aCynthiana, Ky.b[Log Cabin Printery]c1932. a72 p.billus. (incl. ports.)c20 cm. aPoems. c16929d16929